| 000 -LEADER |
| fixed length control field |
01045nam a22003137a 4500 |
| 008 - FIXED-LENGTH DATA ELEMENTS--GENERAL INFORMATION |
| fixed length control field |
131127b xxu||||| |||| 00| 0 eng d |
| 020 ## - INTERNATIONAL STANDARD BOOK NUMBER |
| International Standard Book Number |
8683767027 |
| 041 0# - LANGUAGE CODE |
| Language code of text/sound track or separate title |
eng |
| 080 ## - UNIVERSAL DECIMAL CLASSIFICATION NUMBER |
| Universal Decimal Classification number |
331.56 |
| Common auxiliary subdivision |
(497) |
| 100 ## - Rafti |
| Rafti |
Pfaller, Alfred ; Janeska, Verica ; Foco, Salih ; |
| 245 ## - TITLE STATEMENT |
| Title |
Employment and labour-market policy in South Eastern Europe / |
| Statement of responsibility, etc |
authors, Alfred Pfaller ... [et al.]. |
| 260 ## - |
| -- |
Belgrade : |
| -- |
Friedrich Ebert Stiftung, Regional Office Belgrad, |
| -- |
2002. |
| 300 ## - |
| -- |
233 f . : |
| -- |
me ill . ; |
| -- |
30 cm. |
| 500 ## - |
| -- |
Preface : f. [I-II] |
| 505 ## - |
| -- |
References : f. 230 |
| 650 #0 - |
| -- |
Punësimi |
| -- |
Gadishulli Ballkanik |
| 650 #0 - |
| -- |
Tregu i punës |
| -- |
Gadishulli Ballkanik |
| 700 ## - |
| -- |
Pfaller, Alfred; |
| 700 ## - |
| -- |
Janeska, Verica ; |
| 700 ## - |
| -- |
Foco, Salih ; |
| 700 ## - |
| -- |
Arandarenko, Miahil ; |
| 700 ## - |
| -- |
Sisevic, Bozidar ; |
| 700 ## - |
| -- |
Barjaba, Kosta ; |
| 700 ## - |
| -- |
Bejakovic, Predrag ; |
| 700 ## - |
| -- |
Roncevic, Borut ; |
| 700 ## - |
| -- |
Bojadziev, Vladimir ; |
| 700 ## - |
| -- |
Oneasca, Julien ; |
| 942 ## - ADDED ENTRY ELEMENTS (KOHA) |
| Source of classification or shelving scheme |
|
| Item type |
Books |